Porovnanie prispôsobenia ponuky služieb operátorov vo vybraných krajinách EÚ

Problematika vývoja a súčasný stav telekomunikačného trhu. Podmienky a porovnanie ponuky telekomunikačných služieb poskytovateľov Orange a Deutsche Telekom v Poľsku, Rumunsku a na Slovensku.

Na minha lista:
Detalhes bibliográficos
Autor principal: Pólya, Attila
Outros Autores: Stanovská, Dominika
Formato: Capítulo de Livro
Idioma:eslovaco
Assuntos:
Tags: Adicionar Tag
Sem tags, seja o primeiro a adicionar uma tag!

MARC

LEADER 00000nla a2200000 4500
001 0223519
005 20240502073646.1
041 0 |a slo 
044 |a SK 
245 1 0 |a Porovnanie prispôsobenia ponuky služieb operátorov vo vybraných krajinách EÚ  |c Attila Pólya, Dominika Stanovská 
520 |a Problematika vývoja a súčasný stav telekomunikačného trhu. Podmienky a porovnanie ponuky telekomunikačných služieb poskytovateľov Orange a Deutsche Telekom v Poľsku, Rumunsku a na Slovensku. 
610 2 0 |a služby 
610 2 0 |a operátori 
610 2 0 |a trh 
610 2 0 |a telekomunikácie 
610 2 0 |a systémy multimediálne 
610 2 0 |a siete mobilné 
100 1 |a Pólya, Attila 
700 1 |a Stanovská, Dominika